[Event "AUTO-ADV-4745"]
[Site "http://www.queenalice.com/game.php?id=1825054"]
[Date "2023.11.11"]
[Round "1"]
[White "Capixaba789"]
[Black "rhardt"]
[Result "0-1"]
[WhiteElo "1791"]
[BlackElo "1923"]

1. e4 e6 2. d4 d5 3. exd5 exd5 4. Nf3 Nf6 5. Be2 Bd6 6. O-O O-O 7. Bg5 Nbd7 8.
Nc3 c6 9. Bd3 Qc7 10. Ne2 b6 11. Ng3 c5 12. dxc5 bxc5 13. Re1 h6 14. Bxf6 Nxf6
15. a3 Bb7 16. Nf5 Rfe8 17. Nxd6 Qxd6 18. Rxe8+ Rxe8 19. c4 d4 20. Bc2 Ng4 21.
Qd3 g6 22. h3 Bxf3 23. hxg4 Bxg4 24. Bb3 Qf4 25. Ba4 Re2 26. Rf1 Rd2 27. Qb1 Be2
28. Re1 Bxc4 0-1

[Event "Capixaba789-3"]
[Site "http://www.queenalice.com/game.php?id=1825534"]
[Date "2023.11.20"]
[Round "1"]
[White "Rasumichin"]
[Black "rhardt"]
[Result "0-1"]
[WhiteElo "1722"]
[BlackElo "1964"]

1. e4 e6 2. d4 d5 3. Nc3 c5 4. Be3 Nc6 5. a3 cxd4 6. Bxd4 Nxd4 7. Qxd4 dxe4 8.
Qxd8+ Kxd8 9. O-O-O+ Bd7 10. Bb5 Nf6 11. Nxe4 Nxe4 12. Rxd7+ Kc8 13. Nf3 Nd6 14.
Rd1 a6 15. Ba4 b5 16. R7xd6 Bxd6 17. Rxd6 bxa4 18. Ne5 Ra7 19. f4 f6 20. Nc4 Re8
21. Na5 g5 22. f5 exf5 23. Rxf6 Rd7 24. Rc6+ Kd8 25. b3 axb3 26. Nxb3 Re1+ 27.
Kb2 Rb7 28. Rxa6 Re2 29. Ra8+ Kc7 30. Rh8 Kb6 31. Kc1 Rxg2 32. h3 f4 33. Rf8 Kb5
34. Nd4+ Ka4 35. Ne6 Kxa3 36. Ra8+ Kb4 37. Nd8 Rb5 38. Nc6+ Kc3 39. Ra3+ Rb3 40.
Rxb3+ Kc4 41. Ne5+ Kd5 42. Rb5+ Ke6 43. Nf3 Rg3 44. Nxg5+ Ke7 45. Rb7+ Ke8 46.
Nxh7 Rxh3 47. Nf6+ Kd8 48. Rd7+ Kc8 49. Rf7 Rh1+ 50. Kb2 f3 51. Ne4 Re1 52. Nd6+
Kb8 53. Rb7+ Ka8 54. Rb3 f2 55. Ra3+ Kb8 56. Rb3+ Kc7 57. Nb5+ Kc6 58. Nd4+ Kc5
59. Nf3 f1=Q 60. Nd2 Qf6+ 61. c3 Qf2 62. Kc2 Re2 0-1

[Event "Challenge"]
[Site "http://www.queenalice.com/game.php?id=1831945"]
[Date "2024.2.20"]
[Round "-"]
[White "jbliborio"]
[Black "rhardt"]
[Result "0-1"]
[WhiteElo "1215"]
[BlackElo "1949"]

1. e4 e6 2. e5 d5 3. d4 c5 4. c3 Nc6 5. Nf3 Qb6 6. Be2 Nge7 7. O-O Ng6 8. c4
cxd4 9. cxd5 Ncxe5 10. Qxd4 Nxf3+ 11. Bxf3 Qxd4 0-1

[Event "AUTO-ADV-4745"]
[Site "http://www.queenalice.com/game.php?id=1833573"]
[Date "2024.3.15"]
[Round "2"]
[White "Tonto"]
[Black "rhardt"]
[Result "0-1"]
[WhiteElo "2066"]
[BlackElo "1956"]

1. e4 e6 2. Nf3 d5 3. e5 Ne7 4. Be2 Nec6 5. d4 Be7 6. Nc3 O-O 7. O-O Nd7 8. Bf4
f6 9. exf6 Bxf6 10. Nb5 e5 11. dxe5 Ndxe5 12. Re1 a5 13. Nc3 Ng6 14. Nb5 Nxf4
15. Nfd4 Nxd4 16. Nxd4 Nxe2+ 17. Rxe2 Qd6 18. c3 Ra6 19. Qd3 Bxd4 20. cxd4 Bf5
21. Qe3 Bg6 22. g3 Rc6 23. Qb3 b6 24. Re5 Bf7 25. h4 Rc4 26. Qe3 c5 27. dxc5
bxc5 28. b3 Re4 29. Rxe4 dxe4 30. Qxe4 Qd2 31. Qe7 Qc2 32. h5 h6 33. Qe1 Qf5 34.
Qxa5 Qxh5 35. Qd2 Bd5 36. Kf1 Bf3 0-1

[Event "AUTO-ADV-4745"]
[Site "http://www.queenalice.com/game.php?id=1833574"]
[Date "2024.3.15"]
[Round "2"]
[White "rhardt"]
[Black "Tonto"]
[Result "1/2-1/2"]
[WhiteElo "1976"]
[BlackElo "2054"]

1. c4 Nc6 2. Nf3 d5 3. cxd5 Qxd5 4. Nc3 Qd8 5. d3 Nf6 6. g3 Bf5 7. e4 Bg6 8. Bg2
e6 9. O-O Bc5 10. Rb1 O-O 11. Bf4 Ng4 12. Na4 Be7 13. h3 Nf6 14. Qb3 b6 15. Rbc1
Na5 16. Qc2 Bd6 17. Bxd6 Qxd6 18. e5 Qxd3 19. Qxd3 Bxd3 20. Rfd1 Bb5 21. Nc3 Be2
22. Nxe2 Nd5 23. Nfd4 c5 24. Nb5 Rfd8 25. Nec3 a6 26. Nd6 Nxc3 27. Rxc3 Rab8 28.
a3 b5 29. Rxc5 Nc4 30. b4 g6 31. Kf1 Kg7 32. Rd3 Rb6 33. Rc6 Rxc6 34. Bxc6 Nxe5
35. Nf5+ gxf5 36. Rxd8 Nxc6 37. Rd6 Nb8 38. Rb6 Nd7 39. Rxa6 Ne5 40. Ke2 Nc4 41.
a4 bxa4 42. Rxa4 Nb6 43. Ra6 Nd5 44. b5 Nc3+ 45. Kd3 Nxb5 46. g4 fxg4 47. hxg4
Nc7 48. Rc6 Nd5 49. Kd4 Nf4 50. f3 h5 51. gxh5 Nxh5 52. Ke5 Nf6 53. Rc7 Nd5 54.
Rd7 Nb6 55. Rd1 Nc4+ 56. Kd4 Nd6 57. f4 Nf5+ 58. Ke5 Ne3 59. Rg1+ Kf8 60. Rc1
Ng4+ 61. Kd4 Ke7 62. Rc7+ 1/2-1/2

[Event "AUTO-ADV-4745"]
[Site "http://www.queenalice.com/game.php?id=1833577"]
[Date "2024.3.15"]
[Round "2"]
[White "Fauquinelle"]
[Black "rhardt"]
[Result "1-0"]
[WhiteElo "2021"]
[BlackElo "1970"]

1. e4 e6 2. d4 d5 3. Nd2 c5 4. Ngf3 Nc6 5. Bb5 Qb6 6. Bxc6+ Qxc6 7. Nb3 Nf6 8.
exd5 Nxd5 9. c4 Nf6 10. Be3 cxd4 11. Qxd4 Be7 12. O-O a5 13. Ne5 Qc7 14. Nd2 O-O
15. b3 Rd8 16. Qb2 Ne8 17. Ndf3 Nf6 18. Ng5 Rf8 19. Rad1 h6 20. Ngf3 Bd6 21. Rd3
Nd7 22. Nxd7 Bxd7 23. Rfd1 Ra6 24. Qd2 Bb4 25. Qc1 Rd6 26. a3 Rxd3 27. Rxd3 Be7
28. Qb2 f6 29. Qc3 Be8 30. c5 Bc6 31. Nd4 Be8 32. Nxe6 1-0

[Event "AUTO-ADV-4745"]
[Site "http://www.queenalice.com/game.php?id=1833578"]
[Date "2024.3.15"]
[Round "2"]
[White "rhardt"]
[Black "Fauquinelle"]
[Result "0-1"]
[WhiteElo "1983"]
[BlackElo "2064"]

1. c4 e5 2. Nc3 Nc6 3. d3 Nge7 4. a3 d5 5. cxd5 Nxd5 6. Nxd5 Qxd5 7. e3 e4 8.
dxe4 Qxe4 9. Nf3 Be7 10. Bd3 Qg4 11. h3 Qh5 12. O-O Bd6 13. e4 O-O 14. Re1 Ne5
15. Be2 Qg6 16. Nxe5 Bxe5 17. Bg4 f5 18. exf5 Rxf5 19. Bxf5 Qxf5 20. Qd8+ Kf7
21. Re3 b6 22. Qd3 Qxd3 23. Rxd3 Bf5 24. Rf3 Kg6 25. Rb1 Bxb1 26. Be3 Be4 0-1

[Event "AUTO-ADV-4745"]
[Site "http://www.queenalice.com/game.php?id=1833579"]
[Date "2024.3.15"]
[Round "2"]
[White "chessman"]
[Black "rhardt"]
[Result "1/2-1/2"]
[WhiteElo "2002"]
[BlackElo "1982"]

1. e4 e6 2. d4 d5 3. e5 c5 4. c3 cxd4 5. cxd4 Ne7 6. Nc3 Nec6 7. f4 Be7 8. Nf3
Nd7 9. Be2 O-O 10. O-O h6 11. Bd3 f5 12. exf6 Bxf6 13. Be3 Ne7 14. Ne5 Nb6 15.
Bb1 Nc4 16. Nxc4 dxc4 17. Qc2 Nf5 18. Bf2 b5 19. Nxb5 Nxd4 20. Nxd4 Bxd4 21.
Qh7+ Kf7 22. Qg6+ Kg8 23. Qh7+ Kf7 24. Qg6+ Kg8 25. Qh7+ Kf7 1/2-1/2

[Event "AUTO-ADV-4745"]
[Site "http://www.queenalice.com/game.php?id=1833580"]
[Date "2024.3.15"]
[Round "2"]
[White "rhardt"]
[Black "chessman"]
[Result "1/2-1/2"]
[WhiteElo "1976"]
[BlackElo "1934"]

1. c4 e5 2. Nc3 Nf6 3. d3 Bb4 4. Qb3 Be7 5. e4 d6 6. Nge2 O-O 7. g3 a6 8. a4 Nc6
9. Bg2 Be6 10. Nd5 Rb8 11. O-O Na5 12. Qc3 Nc6 13. b3 h6 14. f4 Bd7 15. Nxe7+
Qxe7 16. Be3 exf4 17. Bxf4 Rfe8 18. Qd2 Ne5 19. Nc3 Bc6 20. Rae1 b5 21. axb5
axb5 22. d4 bxc4 23. dxe5 dxe5 24. Nd5 Bxd5 25. exd5 cxb3 26. Bxe5 Qc5+ 27. Bd4
Qd6 28. Rxe8+ Rxe8 29. Rb1 Rb8 30. Qc3 Nxd5 31. Qc5 Qxc5 32. Bxc5 c6 33. Bxd5
cxd5 34. Kf2 f5 35. Ke3 Kf7 36. Bd4 g5 37. Kd3 Ke7 38. Kc3 Kd6 39. Rxb3 Rxb3+
40. Kxb3 h5 41. Kc3 f4 42. Kd3 fxg3 43. hxg3 h4 44. gxh4 gxh4 1/2-1/2

[Event "Capixaba789-3"]
[Site "http://www.queenalice.com/game.php?id=1833865"]
[Date "2024.3.20"]
[Round "2"]
[White "rhardt"]
[Black "kuntakinte"]
[Result "1-0"]
[WhiteElo "1972"]
[BlackElo "1831"]

1. c4 c5 2. Nc3 d6 3. e3 e6 4. Nge2 Nf6 5. g3 d5 6. cxd5 exd5 7. Bg2 d4 8. exd4
cxd4 9. Qa4+ Nc6 10. Nxd4 Qe7+ 11. Kd1 Qd6 12. Nxc6 Bd7 13. Re1+ Be7 14. Nb5 Qc5
15. Rxe7+ Kf8 16. Re5 Qxf2 17. Qb4+ Kg8 18. Ne7+ Kf8 19. Ng6+ Kg8 20. Qf8+ Rxf8
21. Ne7# 1-0

[Event "Capixaba789-3"]
[Site "http://www.queenalice.com/game.php?id=1841437"]
[Date "2024.8.4"]
[Round "3"]
[White "Mlintz"]
[Black "rhardt"]
[Result "0-1"]
[WhiteElo "1921"]
[BlackElo "1981"]

1. e4 e6 2. d3 d5 3. Nd2 Nf6 4. exd5 exd5 5. Ngf3 Nc6 6. c3 Bd6 7. h3 Bf5 8. b3
Ne7 9. Be2 h6 10. Bb2 c5 11. g4 Bh7 12. d4 b6 13. Bb5+ Nd7 14. Bf1 O-O 15. Bg2
Nf6 16. O-O Nc6 17. c4 Rc8 18. Re1 Bc7 19. dxc5 bxc5 20. Bxf6 Qxf6 21. cxd5 Nb4
22. Nc4 Nc2 23. Rc1 Nxe1 24. Nxe1 Rfd8 25. Qe2 Bh2+ 26. Kh1 Rd7 27. d6 Bxd6 28.
Nxd6 Qxd6 29. Nf3 f6 30. h4 Qd3 31. Qe6+ Kh8 32. g5 Bf5 33. Qe1 c4 34. gxh6 c3
35. hxg7+ Kxg7 36. Kg1 Be4 37. Qf1 Qxf1+ 38. Kxf1 c2 39. Ne1 Bxg2+ 40. Kxg2 Rd1
0-1

[Event "Capixaba789-3"]
[Site "http://www.queenalice.com/game.php?id=1847860"]
[Date "2024.11.26"]
[Round "4"]
[White "rhardt"]
[Black "wj64"]
[Result "0-1"]
[WhiteElo "2003"]
[BlackElo "1649"]

1. c4 c5 2. Nc3 e6 3. d4 Qb6 4. Nf3 Qc7 5. d5 d6 6. e4 e5 7. Be2 Nf6 8. Be3 Qb6
9. b3 a5 10. Nb5 Nxe4 11. Ng5 Nxg5 12. Bxg5 Bd7 13. a4 Na6 14. O-O Nb4 15. Bf3
Bxb5 16. axb5 Qc7 17. Be4 b6 18. f4 Be7 19. Bxe7 Qxe7 20. fxe5 Qxe5 21. Re1 Qd4+
22. Qxd4 cxd4 23. Bxh7+ Kd8 24. Be4 Kc7 25. Rad1 d3 26. Rd2 Rhe8 27. Kf2 Re5 28.
g4 Nc2 29. Rc1 Rxe4 30. Rxd3 Nb4 31. Rf3 f6 32. h3 Rae8 33. Kg3 Rf8 34. h4 Re2
35. Rcf1 Rd2 36. Re1 Kd7 37. Rfe3 Rd3 0-1

[Event "Challenge"]
[Site "http://www.queenalice.com/game.php?id=1862941"]
[Date "2025.9.13"]
[Round "-"]
[White "jbliborio"]
[Black "rhardt"]
[Result "0-1"]
[WhiteElo "1182"]
[BlackElo "1990"]

1. e4 c5 2. d3 Nc6 3. f4 d6 4. Nc3 e6 5. f5 d5 6. exd5 exd5 7. Nce2 Bd6 8. Nf3
Bxf5 9. Bg5 Qb6 10. b3 Nge7 11. d4 Nb4 12. c3 Nd3+ 13. Kd2 Nf2 0-1

[Event "Challenge"]
[Site "http://www.queenalice.com/game.php?id=1865687"]
[Date "2025.11.17"]
[Round "-"]
[White "rhardt"]
[Black "jbliborio"]
[Result "1-0"]
[WhiteElo "1992"]
[BlackElo "1168"]

1. c4 e6 2. d4 d5 3. Nc3 Bb4 4. Bd2 Nf6 5. Qb3 Nc6 6. e3 O-O 7. Bd3 b6 8. Nf3
Ne4 9. Nxe4 dxe4 10. Bxe4 a5 11. Bxc6 Bxd2+ 12. Nxd2 Rb8 13. Nf3 Qe8 14. Be4 f5
15. Bc2 c6 16. O-O-O c5 17. Ne5 cxd4 18. exd4 Bb7 19. f3 f4 20. Qd3 g6 21. Rhe1
1-0